Top 20 Most Guessed Countries in all languages - Statistics

General Stats
  • This quiz has been taken 253 times
    200 since last reset
  • The average score is 86 of 100
Answer Stats
% Correct
French 94% Mexique
99%
German 90% Mexiko
98%
Spanish 96% México
97%
English 95% Mexico
97%
Portuguese 95% México
97%
Spanish 95% Brasil
96%
Portuguese 97% Brasil
96%
English 94% Brazil
96%
Spanish 94% China
96%
German 93% China
96%
English 95% China
96%
Portuguese 93% França
96%
French 98% France
96%
English 94% France
96%
Spanish 94% Francia
96%
Portuguese 90% Alemanha
95%
Spanish 90% Alemania
95%
Portuguese 94% China
94%
French 95% Chine
94%
German 96% Deutcshland
94%
French 95% Espagne
94%
Spanish 96% Estados Unidos
94%
Portuguese 96% Estados Unidos
94%
French 95% Etats-Unis
94%
German 93% Frankreich
94%
Portuguese 94% Rússia
94%
German 93% Russland
94%
English 93% Spain
94%
English 94% United Kindom
94%
English 97% United States
94%
German 95% Vereinigten Staaten
94%
German 91% Brasilien
93%
French 94% Brésil
93%
Spanish 95% España
93%
Portuguese 91% Espanha
93%
French 94% Allemagne
92%
Spanish 95% Canadá
92%
French 97% Canada
92%
English 96% Canada
92%
Portuguese 95% Canadá
92%
German 93% Kanada
92%
Spanish 89% Portugal
92%
German 92% Portugal
92%
French 93% Portugal
92%
Portuguese 92% Portugal
92%
Spanish 93% Rusia
92%
English 96% Russia
92%
French 96% Russie
92%
German 93% Spanien
92%
English 92% Germany
91%
German 90% Indien
91%
French 96% Italie
91%
German 93% Italien
91%
French 94% Australie
90%
English 92% India
89%
Spanish 94% Italia
89%
Portuguese 93% Itália
89%
English 94% Italy
89%
Portuguese 92% Japão
89%
Spanish 91% Japón
89%
French 93% Japon
89%
Spanish 95% Argentina
88%
English 86% Argentina
88%
Spanish 91% Australia
88%
English 94% Australia
88%
German 91% Australien
88%
English 92% Japan
88%
Portuguese 95% Argentina
87%
French 92% Inde
87%
Portuguese 87% Índia
86%
Portuguese 93% Austrália
85%
German 90% Japan
84%
French 88% Argentine
82%
Portuguese 93% Chile
81%
French 89% Suède
79%
Spanish 94% Chile
78%
Spanish 91% Colombia
78%
German 90% Österreich
78%
German 90% Polen
78%
Spanish 90% Perú
77%
French 88% Afrique du Sud
75%
English 87% Egypt
75%
German 89% Irland
73%
English 87% Ireland
72%
German 91% Schweden
72%
German 90% Schweiz
72%
French 89% Suisse
72%
English 86% Sweden
71%
Spanish 87% Venezuela
71%
German 90% Finnland
70%
Portuguese 89% África do Sul
69%
French 87% Norvège
69%
English 88% South Africa
69%
Spanish 89% Cuba
68%
Portuguese 86% Bolivia
63%
Portuguese 90% Uruguai
58%
Spanish 88% Uruguay
58%
English 86% Iceland
57%
French 92% Maroc
55%
Portuguese 89% Paraguai
54%
No matching quizzes found
Score Distribution
Percent of People with Each Score
Percentile by Number Answered
Your Score History
You have not taken this quiz since the last reset